000
00509nam a2200181Ia 4500
008
090124s9999 xx 000 0 und d
082
_b
116661
100
_a
कालेलकर मधुसूदन
245
_a
अमृतवेल
250
_a
1
260
_c
1972
300
_a
86
600
_a
कालेलकर मधुसूदन
630
_a
अमृतवेल
700
_a
कालेलकर मधुसूदन
730
_a
अमृतवेल
942
_c
BOOK
999
_c
162747
_d
162747